| 000 | 00596nam a22002057a 4500 | ||
|---|---|---|---|
| 003 | dpl | ||
| 005 | 20180824171133.0 | ||
| 008 | 180824b xxu||||| |||| 00| 0 eng d | ||
| 020 |
_a- _c0.00 |
||
| 035 | _aB-158682 | ||
| 040 |
_adpl _bEN _c0 |
||
| 082 | _a370.9 | ||
| 100 | _aYogesh kumar Singh | ||
| 245 |
_aHistory of Indian Education System/ _cby Yogesh Kumar Singh, Ed. by Ruchika Nath |
||
| 260 |
_aNew Delhi _bAPH Publishing corporation _c2005 |
||
| 300 |
_a279p; _c22cm.(hbk) |
||
| 500 | _aincluedes index | ||
| 700 | _aRuchika Nath | ||
| 942 |
_2ddc _cEN _h370.9 _mYOG |
||
| 999 |
_c156299 _d156299 |
||